000 01491nam a2200373 c 4500
001 59967
003 CO-BoRNBP
005 20251113144029.0
007 ta
008 210824s2017 ge a er 000 0dspa d
020 _a9783836500807
040 _aCO-BoRNBP
_bspa
_erda
_cCO-BoRNBP
041 _aspa
082 0 4 _a759.972
_bK12k1
_222
082 0 4 _a759.972
_bK27k
100 1 _aKettenmann, Andrea
_eaut
_967337
245 1 0 _aFrida Kahlo 1907-1954 :
_bdolor y pasión /
_cAndrea Kettenmann ; traducción de María Ordóñez-Rey.
250 _aPrimera edición
264 1 _aKöln, Alemania :
_bTaschen,
_c2016
300 _a95 páginas :
_bilustraciones
336 _atexto
_btxt
_2rdacontent
337 _asin mediación
_bn
_2rdamedia
338 _avolumen
_bnc
_2rdacarrier
490 0 _aSerie Basic Art 2.0
505 0 _tFrida la coja , una muchacha rebelde
_tLa grácil paloma y la rana gorda
_tUna pintora mexicana en Gringolandia
_tDesesperación y éxito
_tLos cirujanos, jijas de su... recién casada mamá
_tEspero alegre la salida...
_tFrida Kahlo 1907-1954, vida y obra
521 _aRecomendado para un público adulto
545 _aIncluye datos biográficos de la autora en la solapa
600 0 _aKahlo, Frida
_d1910-1954
_xVida y obra
_967338
650 0 4 _aArte latinoamericano
_ySiglo XX
_2LEMB
_967339
650 0 0 _aGrabado de retrato
_2LEMB
_967340
650 0 7 _aPintura Mexicana
_ySiglo XX
_2lemb
_967341
700 _aOrdóñez-Rey, María
_etrl
_967342
942 _2ddc
_cBK
999 _c59967
_d59967